Slovenské pohľady na literatúru, umenie a vedu

Gespeichert in:
Bibliographische Detailangaben
Format: Schriftenreihe
Sprache:Slowakisch
Veröffentlicht: Martin Matica slovenská
Tags: Tag hinzufügen
Keine Tags, Fügen Sie das erste Tag hinzu!

MARC

LEADER 00000nas1a2200000 4500
001 0305067
005 20241113084601.3
022 |a 1335-7786 
041 0 |a slo 
044 |a SK 
245 1 0 |a Slovenské pohľady  |b na literatúru, umenie a vedu 
264 1 |a Martin  |b Matica slovenská